|
|
|
|
| LEADER |
00000cam a2200000 7i4500 |
| 001 |
0000003992 |
| 002 |
000004297 |
| 005 |
20000330.0 |
| 020 |
|
|
|a 9839960326
|
| 090 |
0 |
0 |
|a 338.4
|b RAJ
|
| 100 |
0 |
|
|a Rajah Rasiah
|
| 245 |
1 |
0 |
|a Pembahagian kerja antarabangsa :
|b industri semi-konduktor di Pulau Pinang
|c Rajah Rasiah
|
| 260 |
|
|
|a Kuala Lumpur :
|b Persatuan Sains Sosial Malaysia ,
|c 1993
|
| 300 |
|
|
|a 207p. :
|b 22cm
|
| 650 |
0 |
0 |
|a Electronic industries
|z Malaysia
|
| 999 |
|
|
|a 037216
|b BUKU
|c MALAYSIANA
|e PERPUSTAKAAN KOMUNITI PETALING JAYA
|
| 999 |
|
|
|a 037217
|b BUKU
|c MALAYSIANA
|e PERPUSTAKAAN KOMUNITI PETALING JAYA
|